George Bernard Shaw
Збережено в:
| Автор: | |
|---|---|
| Формат: | Книга |
| Мова: | Іспанська |
| Опубліковано: |
Madrid
La Nave
1940
|
| Предмети: | |
| Теги: |
Додати тег
Немає тегів, Будьте першим, хто поставить тег для цього запису!
|
MARC
| LEADER | 00000nam a2200000 a 4500 | ||
|---|---|---|---|
| 001 | UCZ1729 | ||
| 003 | CL-VaPUC | ||
| 008 | 950831e19400000SP |||||||||||||||||spa|d | ||
| 082 | 0 | 4 | |a 928.415 |b CHE |2 21 |
| 100 | 0 | |a Chesterton, Gilbert Keith |e author |9 345364 | |
| 245 | 1 | 0 | |a George Bernard Shaw |
| 300 | |a 309 p | ||
| 942 | |c BK | ||
| 945 | |d 19950831 00:00:00 |a rbrito | ||
| 260 | |a Madrid |b La Nave |c 1940 | ||
| 600 | 0 | 7 | |a SHAW, GEORGE BERNARD |2 CL-VaPUC |9 322529 |
| 650 | 0 | |a Autobiografías |9 265171 | |
| 650 | 0 | |a Teatro inglés |9 265744 | |
| 650 | 0 | |a Crítica e interpretación |9 255042 | |
| 583 | |a last modification |c 19950831 00:00:00 |k Rodrigo Vera | ||
| 999 | |c 238435 |d 238433 | ||
| 952 | |0 0 |1 0 |4 0 |6 928_415000000000000_CHE_1940 |7 0 |8 A |9 248610 |a BIBEDU |b BIBEDU |d 2019-11-18 |i 3106284 |o 928.415 CHE 1940 |p 3106284 |r 2019-11-18 |w 2019-11-18 |y BK |k LIT | ||